[Event "DEM U16w 2024"]
[Site "Willingen GER"]
[Date "2024.05.22"]
[Round "6"]
[White "Margaryan, Venera"]
[Black "Sayouf, Rafif"]
[Result "0-1"]
[Termination "normal"]
[Board "14"]
[WhiteElo "1774"]
[BlackElo "1690"]
[WhiteClock "00:34:08"]
[BlackClock "00:29:30"]
[PlyCount "120"]
[WhiteFideId "16266226"]
[BlackFideId "34630333"]
[EventCountry "GER"]
[EventRounds "9"]
[EventType "swiss"]
[EventDate "2024.05.18"]

1. d4 {[%clk 01:30:58]} {[%emt 00:00:01]} e6 {[%clk 01:30:52]} {[%emt
00:00:08]} 2. c4 {[%clk 01:31:21]} {[%emt 00:00:07]} d5 {[%clk 01:31:10]}
{[%emt 00:00:12]} 3. Nc3 {[%clk 01:31:45]} {[%emt 00:00:07]} Nf6 {[%clk
01:31:21]} {[%emt 00:00:18]} 4. Bg5 {[%clk 01:32:10]} {[%emt 00:00:05]} h6
{[%clk 01:31:36]} {[%emt 00:00:15]} 5. Bh4 {[%clk 01:32:33]} {[%emt 00:00:07]}
Bb4 {[%clk 01:31:17]} {[%emt 00:00:50]} 6. e3 {[%clk 01:32:40]} {[%emt
00:00:23]} g5 {[%clk 01:31:30]} {[%emt 00:00:16]} 7. Bg3 {[%clk 01:32:52]}
{[%emt 00:00:18]} Ne4 {[%clk 01:31:47]} {[%emt 00:00:14]} 8. a3 {[%clk
01:30:13]} {[%emt 00:03:10]} Bxc3+ {[%clk 01:30:34]} {[%emt 00:01:42]} 9. bxc3
{[%clk 01:30:01]} {[%emt 00:00:42]} Nxc3 {[%clk 01:29:52]} {[%emt 00:01:13]}
10. Qh5 {[%clk 01:27:15]} {[%emt 00:03:15]} Nd7 {[%clk 01:27:59]} {[%emt
00:02:23]} 11. cxd5 {[%clk 01:21:35]} {[%emt 00:06:10]} Nxd5 {[%clk 01:27:35]}
{[%emt 00:00:54]} 12. Bd3 {[%clk 01:18:32]} {[%emt 00:03:34]} c6 {[%clk
01:21:46]} {[%emt 00:06:19]} 13. Qf3 {[%clk 01:05:24]} {[%emt 00:13:39]} Qa5+
{[%clk 01:09:08]} {[%emt 00:13:07]} 14. Kf1 {[%clk 01:02:13]} {[%emt 00:03:41]}
Qc3 {[%clk 01:07:26]} {[%emt 00:02:11]} 15. Qd1 {[%clk 01:02:11]} {[%emt
00:00:34]} h5 {[%clk 01:04:06]} {[%emt 00:03:49]} 16. Ne2 {[%clk 01:01:03]}
{[%emt 00:01:38]} Qa5 {[%clk 01:03:38]} {[%emt 00:00:58]} 17. h4 {[%clk
01:00:07]} {[%emt 00:01:27]} g4 {[%clk 01:02:13]} {[%emt 00:01:54]} 18. Nf4
{[%clk 00:59:35]} {[%emt 00:01:02]} N7f6 {[%clk 00:51:25]} {[%emt 00:11:18]}
19. Nxd5 {[%clk 00:58:41]} {[%emt 00:01:25]} Nxd5 {[%clk 00:50:49]} {[%emt
00:01:05]} 20. Qc2 {[%clk 00:49:51]} {[%emt 00:09:20]} f6 {[%clk 00:42:46]}
{[%emt 00:08:32]} 21. Bg6+ {[%clk 00:48:00]} {[%emt 00:02:21]} Kd7 {[%clk
00:41:10]} {[%emt 00:02:06]} 22. Bd3 {[%clk 00:40:54]} {[%emt 00:07:32]} b6
{[%clk 00:33:54]} {[%emt 00:07:50]} 23. Qd1 {[%clk 00:37:26]} {[%emt 00:03:58]}
Ba6 {[%clk 00:33:40]} {[%emt 00:00:43]} 24. Bxa6 {[%clk 00:31:20]} {[%emt
00:06:37]} Qxa6+ {[%clk 00:34:05]} {[%emt 00:00:05]} 25. Qe2 {[%clk 00:30:09]}
{[%emt 00:01:39]} Qxe2+ {[%clk 00:34:20]} {[%emt 00:00:15]} 26. Kxe2 {[%clk
00:30:36]} {[%emt 00:00:03]} Rac8 {[%clk 00:33:53]} {[%emt 00:00:56]} 27. Rhc1
{[%clk 00:30:22]} {[%emt 00:00:45]} Ne7 {[%clk 00:25:43]} {[%emt 00:08:39]} 28.
f3 {[%clk 00:24:33]} {[%emt 00:06:20]} gxf3+ {[%clk 00:23:59]} {[%emt
00:02:15]} 29. Kxf3 {[%clk 00:23:58]} {[%emt 00:01:04]} Nf5 {[%clk 00:23:32]}
{[%emt 00:00:57]} 30. Bf2 {[%clk 00:23:45]} {[%emt 00:00:33]} Rhg8 {[%clk
00:22:54]} {[%emt 00:01:17]} 31. a4 {[%clk 00:18:07]} {[%emt 00:06:10]} Rg4
{[%clk 00:17:54]} {[%emt 00:05:29]} 32. g3 {[%clk 00:17:36]} {[%emt 00:01:01]}
e5 {[%clk 00:16:55]} {[%emt 00:01:29]} 33. Rg1 {[%clk 00:14:25]} {[%emt
00:03:42]} e4+ {[%clk 00:16:52]} {[%emt 00:00:32]} 34. Ke2 {[%clk 00:11:33]}
{[%emt 00:03:22]} Rcg8 {[%clk 00:14:04]} {[%emt 00:03:18]} 35. Kd2 {[%clk
00:08:08]} {[%emt 00:03:56]} Nxg3 {[%clk 00:13:33]} {[%emt 00:01:00]} 36. Rab1
{[%clk 00:05:58]} {[%emt 00:02:41]} Nf5 {[%clk 00:13:24]} {[%emt 00:00:39]} 37.
Rxg4 {[%clk 00:06:03]} {[%emt 00:00:26]} Rxg4 {[%clk 00:13:40]} {[%emt
00:00:14]} 38. Rh1 {[%clk 00:06:14]} {[%emt 00:00:18]} Kd6 {[%clk 00:13:00]}
{[%emt 00:01:10]} 39. Rh2 {[%clk 00:04:57]} {[%emt 00:01:48]} Kd5 {[%clk
00:12:11]} {[%emt 00:01:19]} 40. Kc3 {[%clk 00:05:17]} {[%emt 00:00:10]} Nd6
{[%clk 00:12:04]} {[%emt 00:00:35]} 41. Be1 {[%clk 00:05:24]} {[%emt 00:00:24]}
Nc4 {[%clk 00:11:55]} {[%emt 00:00:38]} 42. Re2 {[%clk 00:05:29]} {[%emt
00:00:26]} f5 {[%clk 00:11:47]} {[%emt 00:00:38]} 43. Rf2 {[%clk 00:03:41]}
{[%emt 00:02:18]} Nxe3 {[%clk 00:09:07]} {[%emt 00:03:10]} 44. Re2 {[%clk
00:02:36]} {[%emt 00:01:34]} Ng2 {[%clk 00:08:19]} {[%emt 00:01:17]} 45. Bf2
{[%clk 00:01:56]} {[%emt 00:01:11]} Nxh4 {[%clk 00:08:27]} {[%emt 00:00:22]}
46. Rb2 {[%clk 00:00:42]} {[%emt 00:01:44]} f4 {[%clk 00:08:09]} {[%emt
00:00:49]} 47. a5 {[%clk 00:30:29]} {[%emt 00:00:44]} b5 {[%clk 00:33:20]}
{[%emt 00:05:18]} 48. Re2 {[%clk 00:30:44]} {[%emt 00:00:15]} e3 {[%clk
00:32:38]} {[%emt 00:01:12]} 49. Be1 {[%clk 00:31:07]} {[%emt 00:00:07]} Nf3
{[%clk 00:32:48]} {[%emt 00:00:20]} 50. Kd3 {[%clk 00:31:08]} Nxe1+ {[%clk
00:32:36]} {[%emt 00:01:12]} 51. Rxe1 {[%clk 00:31:37]} Rg5 {[%clk 00:30:55]}
{[%emt 00:02:12]} 52. Rf1 {[%clk 00:31:56]} Rf5 {[%clk 00:31:15]} {[%emt
00:00:21]} 53. Re1 {[%clk 00:32:15]} a6 {[%clk 00:29:14]} {[%emt 00:02:42]} 54.
Rf1 {[%clk 00:32:26]} c5 {[%clk 00:29:14]} 55. dxc5 {[%clk 00:32:26]} Kxc5
{[%clk 00:29:18]} {[%emt 00:01:33]} 56. Rc1+ {[%clk 00:32:47]} Kb4 {[%clk
00:29:18]} 57. Ra1 {[%clk 00:32:47]} h4 {[%clk 00:29:18]} 58. Ke2 {[%clk
00:33:17]} {[%emt 00:02:08]} f3+ {[%clk 00:29:02]} 59. Kxe3 {[%clk 00:33:40]}
{[%emt 00:00:37]} f2 {[%clk 00:29:17]} 60. Ke2 {[%clk 00:34:08]} {[%emt
00:00:17]} f1=Q+ {[%clk 00:29:30]} 0-1

[Event "DEM U16w 2024"]
[Site "Willingen GER"]
[Date "2024.05.22"]
[Round "6"]
[White "Lorenz, Rebecca"]
[Black "Junge, Julia Marie"]
[Result "0-1"]
[Termination "normal"]
[Board "15"]
[WhiteElo "1460"]
[BlackElo "1659"]
[WhiteClock "00:29:20"]
[BlackClock "00:58:13"]
[PlyCount "102"]
[WhiteFideId "34610944"]
[BlackFideId "16293908"]
[EventCountry "GER"]
[EventRounds "9"]
[EventType "swiss"]
[EventDate "2024.05.18"]

1. e4 {[%clk 01:30:58]} {[%emt 00:00:01]} e5 {[%clk 01:30:54]} {[%emt
00:00:07]} 2. Nc3 {[%clk 01:31:21]} {[%emt 00:00:07]} Nf6 {[%emt 00:01:39]} 3.
f4 {[%clk 01:30:48]} {[%emt 00:00:07]} d6 {[%emt 00:01:49]} 4. d4 {[%clk
01:27:12]} {[%emt 00:04:04]} exd4 {[%clk 01:27:57]} {[%emt 00:01:56]} 5. Qxd4
{[%clk 01:25:51]} {[%emt 00:01:51]} Nc6 {[%clk 01:27:57]} {[%emt 00:00:30]} 6.
Bb5 {[%clk 01:24:10]} {[%emt 00:02:11]} Bd7 {[%clk 01:26:08]} {[%emt 00:02:20]}
7. Bxc6 {[%clk 01:22:34]} {[%emt 00:02:06]} Bxc6 {[%clk 01:26:20]} {[%emt
00:00:18]} 8. Nf3 {[%clk 01:19:00]} {[%emt 00:04:02]} Qe7 {[%clk 01:19:59]}
{[%emt 00:06:52]} 9. e5 {[%clk 01:12:14]} {[%emt 00:07:14]} Ng4 {[%clk
01:15:13]} {[%emt 00:05:18]} 10. Be3 {[%clk 01:06:24]} {[%emt 00:06:20]} Bxf3
{[%clk 01:13:10]} {[%emt 00:02:34]} 11. gxf3 {[%clk 01:05:23]} {[%emt
00:01:30]} Qh4+ {[%clk 01:12:04]} {[%emt 00:01:36]} 12. Bf2 {[%clk 01:04:45]}
{[%emt 00:01:07]} Nxf2 {[%clk 01:12:29]} {[%emt 00:00:05]} 13. Qxf2 {[%clk
01:05:06]} {[%emt 00:00:08]} Qxf4 {[%clk 01:12:53]} {[%emt 00:00:06]} 14. exd6
{[%clk 01:02:07]} {[%emt 00:03:29]} Bxd6 {[%clk 01:09:27]} {[%emt 00:03:56]}
15. Qe2+ {[%clk 00:56:23]} {[%emt 00:06:07]} Qe5 {[%clk 01:04:50]} {[%emt
00:05:11]} 16. Qxe5+ {[%clk 00:54:47]} {[%emt 00:02:08]} Bxe5 {[%clk 01:05:15]}
{[%emt 00:00:05]} 17. O-O-O {[%clk 00:54:13]} {[%emt 00:01:04]} O-O {[%clk
01:03:11]} {[%emt 00:02:36]} 18. Ne4 {[%clk 00:52:22]} {[%emt 00:02:21]} b6
{[%clk 01:01:52]} {[%emt 00:01:50]} 19. h4 {[%clk 00:51:52]} {[%emt 00:00:59]}
h6 {[%clk 01:01:17]} {[%emt 00:01:05]} 20. Rhg1 {[%clk 00:50:24]} {[%emt
00:01:55]} Rad8 {[%clk 01:00:58]} {[%emt 00:00:51]} 21. Rdf1 {[%clk 00:49:41]}
{[%emt 00:01:13]} f5 {[%clk 01:00:45]} {[%emt 00:00:45]} 22. Ng3 {[%clk
00:46:46]} {[%emt 00:03:23]} Rd4 {[%clk 00:57:40]} {[%emt 00:03:35]} 23. h5
{[%clk 00:44:46]} {[%emt 00:02:29]} Bxg3 {[%clk 00:56:43]} {[%emt 00:01:29]}
24. Rxg3 {[%clk 00:43:59]} {[%emt 00:01:16]} Rh4 {[%clk 00:57:04]} {[%emt
00:00:09]} 25. Rfg1 {[%clk 00:41:32]} {[%emt 00:02:57]} Rf7 {[%emt 00:03:35]}
26. b3 {[%clk 00:40:31]} {[%emt 00:00:02]} Rxh5 {[%clk 00:55:46]} {[%emt
00:00:11]} 27. a4 {[%clk 00:40:48]} {[%emt 00:00:13]} g5 {[%clk 00:55:43]}
{[%emt 00:00:34]} 28. c4 {[%clk 00:40:01]} {[%emt 00:01:17]} Rh2 {[%clk
00:55:32]} {[%emt 00:00:41]} 29. R3g2 {[%clk 00:39:40]} {[%emt 00:00:50]} Rxg2
{[%clk 00:55:52]} {[%emt 00:00:10]} 30. Rxg2 {[%clk 00:40:02]} {[%emt
00:00:08]} Re7 {[%clk 00:55:59]} {[%emt 00:00:24]} 31. Kb2 {[%clk 00:39:52]}
{[%emt 00:00:40]} Kf7 {[%clk 00:55:55]} {[%emt 00:00:34]} 32. b4 {[%clk
00:39:15]} {[%emt 00:01:07]} Re3 {[%clk 00:56:02]} {[%emt 00:00:22]} 33. Rf2
{[%clk 00:39:08]} {[%emt 00:00:36]} h5 {[%clk 00:56:12]} {[%emt 00:00:21]} 34.
a5 {[%clk 00:37:02]} {[%emt 00:02:36]} Ke6 {[%clk 00:55:24]} {[%emt 00:01:17]}
35. axb6 {[%clk 00:36:35]} {[%emt 00:00:57]} axb6 {[%clk 00:55:45]} {[%emt
00:00:09]} 36. c5 {[%clk 00:35:21]} {[%emt 00:01:43]} bxc5 {[%clk 00:54:59]}
{[%emt 00:01:17]} 37. bxc5 {[%clk 00:35:03]} {[%emt 00:00:47]} Kd5 {[%clk
00:54:03]} {[%emt 00:01:26]} 38. f4 {[%clk 00:33:52]} {[%emt 00:01:42]} g4
{[%clk 00:54:15]} {[%emt 00:00:18]} 39. Rh2 {[%clk 00:32:45]} {[%emt 00:01:36]}
Rh3 {[%clk 00:54:11]} {[%emt 00:00:35]} 40. Rc2 {[%clk 00:32:31]} {[%emt
00:00:43]} g3 {[%clk 00:54:27]} {[%emt 00:00:15]} 41. Rc1 {[%clk 00:27:35]}
{[%emt 00:05:25]} Rh2+ {[%clk 00:54:43]} {[%emt 00:00:14]} 42. Kb3 {[%clk
00:27:54]} {[%emt 00:00:09]} g2 {[%clk 00:55:08]} {[%emt 00:00:07]} 43. Rg1
{[%clk 00:27:42]} {[%emt 00:00:41]} Kxc5 {[%clk 00:55:25]} {[%emt 00:00:15]}
44. Kc3 {[%clk 00:27:49]} {[%emt 00:00:22]} h4 {[%clk 00:55:51]} {[%emt
00:00:05]} 45. Kd3 {[%clk 00:27:30]} {[%emt 00:00:49]} h3 {[%clk 00:56:11]}
{[%emt 00:00:11]} 46. Ke3 {[%clk 00:27:28]} {[%emt 00:00:31]} Rh1 {[%clk
00:56:32]} {[%emt 00:00:09]} 47. Rxg2 {[%clk 00:27:51]} {[%emt 00:00:06]} hxg2
{[%clk 00:56:56]} {[%emt 00:00:07]} 48. Kf2 {[%clk 00:28:11]} {[%emt 00:00:10]}
g1=Q+ {[%clk 00:57:16]} {[%emt 00:00:11]} 49. Ke2 {[%clk 00:28:35]} {[%emt
00:00:05]} Rh3 {[%clk 00:57:22]} {[%emt 00:00:24]} 50. Kd2 {[%clk 00:28:56]}
{[%emt 00:00:08]} Qg2+ {[%clk 00:57:48]} {[%emt 00:00:04]} 51. Ke1 {[%clk
00:29:20]} {[%emt 00:00:07]} Rh1# {[%clk 00:58:13]} {[%emt 00:00:05]} 0-1

[Event "DEM U16w 2024"]
[Site "Willingen GER"]
[Date "2024.05.23"]
[Round "7"]
[White "Trunz, Michelle"]
[Black "Moldovan, Tatiana"]
[Result "1-0"]
[Termination "normal"]
[Board "1"]
[WhiteElo "2049"]
[BlackElo "1708"]
[WhiteClock "00:26:09"]
[BlackClock "00:23:42"]
[PlyCount "85"]
[WhiteFideId "16227980"]
[BlackFideId "16287398"]
[EventCountry "GER"]
[EventRounds "9"]
[EventType "swiss"]
[EventDate "2024.05.18"]

1. d4 {[%clk 01:30:59]} {[%emt 18:53:44]} d5 {[%clk 01:30:43]} {[%emt
00:00:18]} 2. c4 {[%clk 01:31:25]} {[%emt 00:00:04]} e6 {[%clk 01:31:00]}
{[%emt 00:00:13]} 3. Nc3 {[%clk 01:31:48]} {[%emt 00:00:07]} c6 {[%clk
01:31:05]} {[%emt 00:00:25]} 4. e4 {[%clk 01:31:50]} {[%emt 00:00:28]} dxe4
{[%clk 01:31:23]} {[%emt 00:00:12]} 5. Nxe4 {[%clk 01:32:18]} {[%emt 00:00:02]}
Bb4+ {[%clk 01:30:35]} {[%emt 00:01:17]} 6. Nc3 {[%clk 01:31:01]} {[%emt
00:01:48]} c5 {[%clk 01:30:37]} {[%emt 00:00:28]} 7. Be3 {[%clk 01:30:54]}
{[%emt 00:00:37]} Nf6 {[%clk 01:29:08]} {[%emt 00:01:59]} 8. Nf3 {[%clk
01:27:02]} {[%emt 00:04:22]} Nc6 {[%clk 01:25:02]} {[%emt 00:04:36]} 9. a3
{[%clk 01:11:04]} {[%emt 00:16:28]} Ba5 {[%clk 01:16:32]} {[%emt 00:09:00]} 10.
dxc5 {[%clk 01:03:09]} {[%emt 00:08:25]} Bxc3+ {[%clk 01:08:57]} {[%emt
00:08:05]} 11. bxc3 {[%clk 01:03:38]} {[%emt 00:00:01]} O-O {[%clk 01:08:08]}
{[%emt 00:01:19]} 12. Qc2 {[%clk 01:00:33]} {[%emt 00:03:35]} Qc7 {[%clk
01:06:49]} {[%emt 00:01:49]} 13. Nd4 {[%clk 00:55:10]} {[%emt 00:05:53]} Ne8
{[%clk 01:03:57]} {[%emt 00:03:22]} 14. Be2 {[%clk 00:49:59]} {[%emt 00:05:41]}
Ne5 {[%clk 01:02:16]} {[%emt 00:02:10]} 15. O-O {[%clk 00:48:51]} {[%emt
00:01:38]} a6 {[%clk 01:00:50]} {[%emt 00:01:57]} 16. f4 {[%clk 00:45:33]}
{[%emt 00:03:47]} Ng6 {[%clk 01:00:58]} {[%emt 00:00:22]} 17. Qe4 {[%clk
00:36:09]} {[%emt 00:09:55]} Nf6 {[%clk 00:53:32]} {[%emt 00:07:55]} 18. Qf3
{[%clk 00:36:38]} Nh4 {[%clk 00:50:09]} {[%emt 00:03:54]} 19. Qg3 {[%clk
00:35:42]} {[%emt 00:01:26]} Nf5 {[%clk 00:50:25]} {[%emt 00:00:15]} 20. Nxf5
{[%clk 00:36:10]} {[%emt 00:00:02]} exf5 {[%clk 00:50:46]} {[%emt 00:00:09]}
21. Bd4 {[%clk 00:36:00]} {[%emt 00:00:39]} Ne8 {[%clk 00:50:21]} {[%emt
00:00:55]} 22. Bf3 {[%clk 00:34:33]} {[%emt 00:01:58]} Be6 {[%clk 00:47:50]}
{[%emt 00:03:00]} 23. Rfe1 {[%clk 00:31:20]} {[%emt 00:03:43]} Qc8 {[%clk
00:46:39]} {[%emt 00:01:41]} 24. Rab1 {[%clk 00:31:22]} {[%emt 00:00:29]} Rb8
{[%clk 00:44:59]} {[%emt 00:02:10]} 25. Bd5 {[%clk 00:31:21]} {[%emt 00:00:31]}
Kh8 {[%clk 00:41:46]} {[%emt 00:03:43]} 26. Rb6 {[%clk 00:29:07]} {[%emt
00:02:43]} Nf6 {[%clk 00:40:52]} {[%emt 00:01:24]} 27. Bxe6 {[%clk 00:27:47]}
{[%emt 00:01:50]} fxe6 {[%clk 00:34:34]} {[%emt 00:06:48]} 28. Rexe6 {[%clk
00:28:15]} {[%emt 00:00:02]} Qc7 {[%clk 00:26:30]} {[%emt 00:08:34]} 29. Rxf6
{[%clk 00:26:58]} {[%emt 00:01:47]} Rxf6 {[%clk 00:26:29]} {[%emt 00:00:32]}
30. Rxf6 {[%clk 00:26:55]} {[%emt 00:00:33]} Rd8 {[%clk 00:25:42]} {[%emt
00:01:17]} 31. Rxf5 {[%clk 00:25:56]} {[%emt 00:01:29]} Kg8 {[%clk 00:23:35]}
{[%emt 00:02:36]} 32. Qe3 {[%clk 00:23:47]} {[%emt 00:02:39]} Qd7 {[%clk
00:23:16]} {[%emt 00:00:50]} 33. Rg5 {[%clk 00:23:46]} {[%emt 00:00:31]} g6
{[%clk 00:22:58]} {[%emt 00:00:47]} 34. Qe5 {[%clk 00:23:57]} {[%emt 00:00:20]}
Rf8 {[%clk 00:21:23]} {[%emt 00:02:05]} 35. Qh8+ {[%clk 00:23:54]} {[%emt
00:00:30]} Kf7 {[%clk 00:21:31]} {[%emt 00:00:25]} 36. Qg7+ {[%clk 00:24:06]}
{[%emt 00:00:17]} Ke8 {[%clk 00:21:56]} {[%emt 00:00:05]} 37. Re5+ {[%clk
00:24:23]} {[%emt 00:00:13]} Kd8 {[%clk 00:22:05]} {[%emt 00:00:22]} 38. Qxf8+
{[%clk 00:24:48]} {[%emt 00:00:05]} Kc7 {[%clk 00:22:26]} {[%emt 00:00:08]} 39.
Re7 {[%clk 00:25:08]} {[%emt 00:00:10]} Qxe7 {[%clk 00:22:37]} {[%emt
00:00:19]} 40. Qxe7+ {[%clk 00:25:37]} {[%emt 00:00:01]} Kb8 {[%clk 00:23:02]}
{[%emt 00:00:05]} 41. c6 {[%clk 00:25:32]} {[%emt 00:00:35]} bxc6 {[%clk
00:23:24]} {[%emt 00:00:09]} 42. Bb6 {[%clk 00:25:44]} {[%emt 00:00:18]} Kc8
{[%clk 00:23:42]} {[%emt 00:00:12]} 43. Qc7# {[%clk 00:26:09]} {[%emt
00:00:05]} 1-0